Deutsche Bundeskanzler - Sudden Death - Statistiken

Allgemein
  • Dieses Quiz wurde 1.411 mal gespielt
  • Das Durchschnittsergebnis liegt bei 8 aus 9
Answers on the Grid
Answers color-coded by a green-red scale on the quiz's grid according to % correct below.
Gerhard Stoltenberg
Georg Leber
Angela Merkel
Theodor Blank
Helge Braun
Alexander Dobrindt
Werner Dollinger
Horst Ehmke
Frank-Walter Steinmeier
Sigmar Gabriel
Bruno Heck
Gerhard Schröder
Konrad Adenauer
Kurt Georg Kiesinger
Ursula von der Leyen
Ludwig Erhard
Ernst Lemmer
Paul Lücke
Thomas de Maizière
Robert Habeck
Horst Seehofer
Klaus Kinkel
Hans-Dietrich Genscher
Willy Brandt
Olaf Scholz
Walter Scheel
Heinrich Krone
Franz Josef Strauß
Wolfgang Schäuble
Helmut Kohl
Karl Theodor von und zu Guttenberg
Helmut Schmidt
 
Antwortstatistiken
Antwort % Korrekt
Angela Merkel
98%
Konrad Adenauer
90%
Gerhard Schröder
88%
Olaf Scholz
88%
Willy Brandt
88%
Helmut Kohl
87%
Helmut Schmidt
86%
Ludwig Erhard
76%
Kurt Georg Kiesinger
72%
Keine übereinstimmenden Quizze gefunden
Verteilung der Resultate
Anzahl Personen mit jedem Resultat
Perzentil nach korrekt beantworteten Fragen
Ihre Resultats-Entwicklung
Sie haben dieses Quiz noch nicht gespielt